The art of creative research : (Record no. 592301)

000 -LEADER
fixed length control field 01798cam a2200373 i 4500
001 - CONTROL NUMBER
control field 19229660
003 - CONTROL NUMBER IDENTIFIER
control field NUST
005 - DATE AND TIME OF LATEST TRANSACTION
control field 20230127130342.0
008 - FIXED-LENGTH DATA ELEMENTS--GENERAL INFORMATION
fixed length control field 160811s2017 ilu b 001 0 eng c
010 ## - LIBRARY OF CONGRESS CONTROL NUMBER
LC control number 2016036902
020 ## - INTERNATIONAL STANDARD BOOK NUMBER
International Standard Book Number 9780226179773 (cloth : alk. paper)
020 ## - INTERNATIONAL STANDARD BOOK NUMBER
International Standard Book Number 9780226179803 (pbk : alk. paper)
020 ## - INTERNATIONAL STANDARD BOOK NUMBER
Canceled/invalid ISBN 9780226179940 (e-book)
040 ## - CATALOGING SOURCE
Original cataloging agency ICU/DLC
Language of cataloging eng
Transcribing agency ICU
Description conventions rda
Modifying agency DLC
042 ## - AUTHENTICATION CODE
Authentication code pcc
050 00 - LIBRARY OF CONGRESS CALL NUMBER
Classification number PN146
Item number .G47 2017
082 00 - DEWEY DECIMAL CLASSIFICATION NUMBER
Classification number 808.02,GER
Edition number 23
100 1# - MAIN ENTRY--PERSONAL NAME
Personal name Gerard, Philip,
Relator term author.
9 (RLIN) 102606
245 14 - TITLE STATEMENT
Title The art of creative research :
Remainder of title a field guide for writers /
Statement of responsibility, etc. Philip Gerard.
264 #1 - PRODUCTION, PUBLICATION, DISTRIBUTION, MANUFACTURE, AND COPYRIGHT NOTICE
Place of production, publication, distribution, manufacture Chicago :
Name of producer, publisher, distributor, manufacturer The University of Chicago Press,
Date of production, publication, distribution, manufacture, or copyright notice 2017.
300 ## - PHYSICAL DESCRIPTION
Extent xiii, 220 pages ;
Dimensions 24 cm.
336 ## - CONTENT TYPE
Content type term text
Source rdacontent
337 ## - MEDIA TYPE
Media type term unmediated
Source rdamedia
338 ## - CARRIER TYPE
Carrier type term volume
Source rdacarrier
490 1# - SERIES STATEMENT
Series statement Chicago guides to writing, editing, and publishing
505 ## - FORMATTED CONTENTS NOTE
Formatted contents note What Creative Research Is and How to Use It (Page-1), Preparing a Research Plan (Page-22),The Tools of the Trade (Page-38),<br/>Archives: What They Are, Where They Are, and How Best to Use Them (Page-57),It Must Be True— I Saw It on the Internet (Page-73),The Archives of Memory, Imagination, and Personal Expertise (Page-83),The Warm Art of the Interview (Page-98),<br/>Walking the Ground and Handling the Thing Itself (Page-130),Troubleshooting, Fact- Checking, and Emotional Cost (Page-149),<br/>Breathing Life into Facts and Data on the Page (Page-170).<br/>
650 #0 - SUBJECT ADDED ENTRY--TOPICAL TERM
Topical term or geographic name entry element Authorship.
9 (RLIN) 11474
650 #0 - SUBJECT ADDED ENTRY--TOPICAL TERM
Topical term or geographic name entry element Research.
9 (RLIN) 552
650 #0 - SUBJECT ADDED ENTRY--TOPICAL TERM
Topical term or geographic name entry element Creative writing.
9 (RLIN) 13109
830 #0 - SERIES ADDED ENTRY--UNIFORM TITLE
Uniform title Chicago guides to writing, editing, and publishing.
906 ## - LOCAL DATA ELEMENT F, LDF (RLIN)
a 7
b cbc
c orignew
d 1
e ecip
f 20
g y-gencatlg
942 ## - ADDED ENTRY ELEMENTS (KOHA)
Source of classification or shelving scheme
Koha item type Book
Call number prefix 808.02,GER
Holdings
Withdrawn status Lost status Source of classification or shelving scheme Damaged status Not for loan Permanent Location Current Location Shelving location Date acquired Total Checkouts Full call number Barcode Date last seen Price effective from Koha item type Public note
          Military College of Signals (MCS) Military College of Signals (MCS) General Stacks 11/15/2022   808.02, GER MCS38203 11/15/2022 11/15/2022 Book Almirah Fresh No.45, Shelf No.4
© 2023 Central Library, National University of Sciences and Technology. All Rights Reserved.